ASEAN Member Countries - Statistics

General Stats
  • This quiz has been taken 924 times
    866 since last reset
  • The average score is 8 of 10
Answer Stats
Hint Answer % Correct
I Indonesia
94%
V Vietnam
94%
M Malaysia
93%
L Laos
92%
B Brunei
90%
C Cambodia
90%
T Thailand
90%
S Singapore
87%
P Philippines
79%
B Burma (Myanmar)
4%
No matching quizzes found
Score Distribution
Percent of People with Each Score
Percentile by Number Answered
Your Score History
You have not taken this quiz since the last reset